Normal view
MARC view
- Ms . Meenal Shreyas Rao & Dr. Ashutosh Misal
Entry Personal Name
001 - CONTROL NUMBER
- control field: 105164
003 - CONTROL NUMBER IDENTIFIER
- control field: OSt
005 - DATE AND TIME OF LATEST TRANSACTION
- control field: 20221007221549.0
008 - FIXED-LENGTH DATA ELEMENTS
- fixed length control field: 221007|| aca||aabn | a|a d
040 ## - CATALOGING SOURCE
- Original cataloging agency: OSt
- Transcribing agency: OSt
100 ## - HEADING--PERSONAL NAME
- Personal name: Ms . Meenal Shreyas Rao & Dr. Ashutosh Misal
670 ## - SOURCE DATA FOUND
- Source citation: Work cat.: (OSt)80064: Ms . Meenal Shreyas Rao & Dr. Ashutosh Misal, Assessment Of Performance Of Expatriates Working In Selected Mncs In Pune: A Critical Study, 2019